Arte de la guerra

में बचाया:
ग्रंथसूची विवरण
मुख्य लेखक: Tzu, Sun (लेखक)
स्वरूप: पुस्तक
भाषा:स्पेनिश
प्रकाशित: Beijing En Lenguas Extranjeras 1994
विषय:
टैग: टैग जोड़ें
कोई टैग नहीं, इस रिकॉर्ड को टैग करने वाले पहले व्यक्ति बनें!

MARC

LEADER 00000nam a2200000 a 4500
001 UCL4788
003 CL-VaPUC
008 040227e19940000CH |||||||||||||||||spa|d
020 |a 7119015540 
082 0 4 |a 355.42  |b TZU  |2 21 
100 0 |a Tzu, Sun  |e author  |9 460263 
245 1 0 |a Arte de la guerra 
300 |a 108 p 
942 |c BK 
945 |d 20040227 00:00:00  |a cmena 
260 |a Beijing  |b En Lenguas Extranjeras  |c 1994 
650 0 |a Tácticas de guerra  |9 438854 
650 0 |a Guerra  |9 255876 
583 |a last modification  |c 20040227 00:00:00  |k Rodrigo Vera 
999 |c 307557  |d 307555 
952 |0 0  |1 0  |4 0  |6 355_420000000000000_TZU_1994  |7 0  |8 A  |9 373575  |a BIBGIM  |b BIBGIM  |d 2019-11-21  |i 3971996  |l 1  |o 355.42 TZU 1994  |p 3971996  |r 2025-04-03  |s 2025-03-27  |w 2019-11-21  |y BK  |k ORI